|
|
|
|
| LEADER |
00000nam0a2200000 4500 |
| 001 |
268180 |
| 005 |
20231101234138.0 |
| 035 |
|
|
|a (RuTPU)RU\TPU\book\291312
|
| 090 |
|
|
|a 268180
|
| 100 |
|
|
|a 20140828d1987 km y0rusy50 ca
|
| 101 |
0 |
|
|a rus
|
| 102 |
|
|
|a RU
|
| 105 |
|
|
|a a z 001zy
|
| 200 |
1 |
|
|a Капитальный ремонт, модернизация и реконструкция жилых зданий (вопросы организации)
|f В. В. Мешечек, А. Г. Ройтман
|
| 210 |
|
|
|a Москва
|c Стройиздат
|d 1987
|
| 215 |
|
|
|a 240 с.
|c ил.
|
| 225 |
1 |
|
|a Курсом ускорения научно-технического прогресса
|
| 320 |
|
|
|a Библиогр.: с. 240
|
| 606 |
1 |
|
|a Жилые здания
|x Ремонт
|x Механизация
|2 stltpush
|3 (RuTPU)RU\TPU\subj\11038
|9 38024
|
| 610 |
1 |
|
|a модернизация
|
| 610 |
1 |
|
|a реконструкция
|
| 610 |
1 |
|
|a проектирование
|
| 610 |
1 |
|
|a автоматизация
|
| 610 |
1 |
|
|a предпроектная подготовка
|
| 610 |
1 |
|
|a капитальный ремонт
|
| 610 |
1 |
|
|a нормативная база
|
| 675 |
|
|
|a 69.059.25
|v 3
|
| 700 |
|
1 |
|a Мешечек
|b В. В.
|g Владимир Васильевич
|
| 701 |
|
1 |
|a Ройтман
|b А. Г.
|g Альфредо Герцевич
|
| 801 |
|
1 |
|a RU
|b 63413507
|c 20140828
|
| 801 |
|
2 |
|a RU
|b 63413507
|c 20160929
|g RCR
|
| 942 |
|
|
|c BK
|